| 000 | 00999nam a22003137a 4500 | ||
|---|---|---|---|
| 003 | CHAP | ||
| 005 | 20220817042411.0 | ||
| 008 | 971013s1971 r 00010 d | ||
| 010 | _a43513 | ||
| 011 | _a44485 | ||
| 035 | _a48623 | ||
| 040 | _cCHAP | ||
| 082 |
_a629.8 _bS3 |
||
| 100 | 0 | 0 |
_aSage, Andrew P. _9101178 |
| 245 | _aSystem identification | ||
| 260 |
_aNew york : _bAcademic press, _c1971 |
||
| 300 | _a221 p. | ||
| 490 |
_aMathematics in science and engineering _v; 80 |
||
| 590 |
_aBATCH-UPD _b10 _c20130110 _lUCH01 _h1434 |
||
| 590 |
_aBATCH-UPD _b10 _c20130410 _lUCH01 _h0909 |
||
| 590 |
_aBATCH-UPD _b10 _c20130914 _lUCH01 _h1640 |
||
| 590 |
_aCONVERSION _b10 _c20130109 _lUCH01 _h1324 |
||
| 650 | 1 | 4 |
_aIngenierĂa de sistemas. _958218 |
| 830 | 0 |
_aMathematics in science and engineering _v; 80 |
|
| 901 | _aBK | ||
| 942 | _cLIBRO | ||
| 949 |
_a629.8 S3 _bBC _cLIBRO _d33724000026506 _eLIBRO _fc.2 _h41594 _i48623 _si |
||
| 949 |
_a629.8 S3 _bBC _cLIBRO _d33724000026514 _eLIBRO _h32970 _i48623 _si |
||
| 999 |
_c43513 _d43513 |
||